Raide-Jokerin pysäkit - Statistics

Yleistilastot
  • Tätä visaa on pelattu 51 kertaa
  • Keskiarvotulos 15 / 34
Vastaustilastot
Vaihtoyhteys Pysäkki % Oikein
Metroasema Itäkeskus
94%
Juna-asema Leppävaaran asema
91%
Juna-asema Oulunkylän asema
79%
Oulunkylän keskusta
79%
Metroasema Keilaniemi
76%
Viikinmäki
73%
Viikin tiedepuisto
73%
Metroasema Aalto-yliopisto
70%
Maunula
67%
Juna-asema Huopalahden asema
64%
Pirkkola
55%
Roihupelto
45%
Vermo
42%
Laajalahti
36%
Latokartano
36%
Alberganesplanadi
33%
Talin siirtolapuutarha
33%
Veräjämäki
33%
Hämeenlinnanväylä
30%
Kutomotie
30%
Maari
30%
Pirjontie
30%
Vihdintie
30%
Kustaankartano
27%
Teininpuisto
27%
Karhukallio
24%
Takomotie
24%
Perkkaa
21%
Ilkantie
21%
Otaranta
21%
Kauppamyllyntie
18%
Lahdenpohja
18%
Ravitie
18%
Linnoitustie
12%
Ehtoja vastaavia visoja ei löytynyt
Tulosjakauma
Jokaisen tuloksen saaneiden osuus
Persentiili vastausten määrän mukaan
Tuloshistoriasi
Et ole pelannut tätä visaa